| 000 | 00661cam a2200217 a 4500 | ||
|---|---|---|---|
| 001 | 12213742 | ||
| 005 | 20241030171527.0 | ||
| 008 | 000824s1999 gh b 000 0 eng | ||
| 020 | _a9988788010 | ||
| 050 | 0 | 0 |
_aKRX658 _b.R63 1999 |
| 082 | 0 | 0 |
_a346.66704/3 _221 |
| 100 | 1 | _aRocha, B. J. da. | |
| 245 | 1 | 0 |
_aGhana land law and conveyancing / _cby B.J. da Rocha and C.H.K. Lodoh. |
| 250 | _a2nd ed. | ||
| 260 |
_aAccra, Ghana : _bDR & L Print. and Pub. Services, _cc1999. |
||
| 300 |
_alviii, 339 p. ; _c28 cm. |
||
| 650 | 0 |
_aReal property _zGhana. |
|
| 650 | 0 |
_aConveyancing _zGhana. |
|
| 700 | 1 |
_aLodoh, C. H. K. _q(Christian Hans Kwame) |
|
| 942 |
_2lcc _cBK _n0 |
||
| 999 |
_c393 _d393 |
||